000 00654nam a2200205 a 4500
001 000012426
005 20240412074232.0
008 091112s2005 dr r 000 j spa d
020 _a9945417010
040 _aDO-SdBNP
_bspa
_cBNPHU
082 _aRD863.44
_bH557m
100 1 _aHernández, Ángela,
_d1954-
_92564
245 1 0 _aMasticar una rosa y otros cuentos antalogados /
_cÁngela Hernández.
260 _aSanto Domingo :
_bABC editorial,
_c2005.
300 _a142 p. ;
_c22 cm.
590 _aInventariado, 2020/BT
650 0 _aCuentos dominicanos
_9176
650 0 _aLiteratura dominicana.
_967
910 _aValidado. Control de calidad. MMOLINA
999 _c12083
_d12083